Tolley's employment Handbook / (Record no. 5283)

MARC details
000 -LEADER
fixed length control field 00579nam a22001937a 4500
008 - FIXED-LENGTH DATA ELEMENTS--GENERAL INFORMATION
fixed length control field 130228t xxu||||| |||| 00| 0 eng d
020 ## - INTERNATIONAL STANDARD BOOK NUMBER
International Standard Book Number 9-7814-0575-53
082 ## - DEWEY DECIMAL CLASSIFICATION NUMBER
Edition number 22 ed .
Classification number 344.0105
Item number SLA
100 ## - MAIN ENTRY--PERSONAL NAME
Personal name justice Slade DBE
9 (RLIN) 6949
245 ## - TITLE STATEMENT
Title Tolley's employment Handbook /
Statement of responsibility, etc Justice Slade DBE
250 ## - EDITION STATEMENT
Edition statement 25 ed .
260 ## - PUBLICATION, DISTRIBUTION, ETC. (IMPRINT)
Place of publication, distribution, etc UK :
Name of publisher, distributor, etc Lexis Nexis
Date of publication, distribution, etc 2011
300 ## - PHYSICAL DESCRIPTION
Extent clxii, 1341 P . ;
Dimensions 23cm
500 ## - GENERAL NOTE
General note Includes Index
650 ## - SUBJECT ADDED ENTRY--TOPICAL TERM
Topical term or geographic name as entry element Employment Handbook
9 (RLIN) 6950
650 ## - SUBJECT ADDED ENTRY--TOPICAL TERM
Topical term or geographic name as entry element Employment
9 (RLIN) 6951
650 ## - SUBJECT ADDED ENTRY--TOPICAL TERM
Topical term or geographic name as entry element Tolley's employment Handbook
9 (RLIN) 6952
942 ## - ADDED ENTRY ELEMENTS (KOHA)
Source of classification or shelving scheme Dewey Decimal Classification
Item type Books
Holdings
Withdrawn status Lost status Source of classification or shelving scheme Damaged status Not for loan Home library Current library Shelving location Date acquired Total Checkouts Full call number Barcode Date last seen Copy number Price effective from Koha item type Public note Uniform Resource Identifier
    Dewey Decimal Classification     Law Development Centre Main Library Law Development Centre Main Library Text Books and Laws 02/28/2013   344.0105 JUS 4294/2013 02/28/2013 1 02/28/2013 Books Reserve  
    Dewey Decimal Classification     Law Development Centre Main Library Law Development Centre Main Library Text Books and Laws 06/24/2014   344.0105 SLA 1128/2014 06/24/2014 1a 06/24/2014 Books reserve 26 ED. 2012